5HLuxD.jpg

KING HENRY VIII SENIOR AND PRIMARY SCHOOL LIBRARY OPAC

The nutcracker / (Record no. 2319)

000 -LEADER
fixed length control field 00987pam a2200325 a 4500
001 - CONTROL NUMBER
control field 017024277
003 - CONTROL NUMBER IDENTIFIER
control field UkOxU
005 - DATE AND TIME OF LATEST TRANSACTION
control field 20230413123029.0
008 - FIXED-LENGTH DATA ELEMENTS--GENERAL INFORMATION
fixed length control field 040816s2004 enka j 000 1 eng
015 ## - NATIONAL BIBLIOGRAPHY NUMBER
National bibliography number GBA461078
Source bnb
020 ## - INTERNATIONAL STANDARD BOOK NUMBER
International Standard Book Number 0746071000 (pbk.) :
035 ## - SYSTEM CONTROL NUMBER
System control number (Uk)012976340
035 ## - SYSTEM CONTROL NUMBER
System control number (UkLCURL)72012976340
038 ## - RECORD CONTENT LICENSOR
Record content licensor Uk
040 ## - CATALOGING SOURCE
Original cataloging agency StDuBDS
Modifying agency Uk
-- KH8
Transcribing agency UOX
042 ## - AUTHENTICATION CODE
Authentication code ukblsr
049 ## - LOCAL HOLDINGS (OCLC)
Local processing data b
082 04 - DEWEY DECIMAL CLASSIFICATION NUMBER
Classification number 823.914 HEL
Edition number 22
100 1# - MAIN ENTRY--PERSONAL NAME
Personal name Helbrough, Emma.
Relator term Author
245 14 - TITLE STATEMENT
Title The nutcracker /
Statement of responsibility, etc. retold by Emma Helbrough ; illustrated by Anna Luraschi.
260 ## - PUBLICATION, DISTRIBUTION, ETC.
Place of publication, distribution, etc. London :
Name of publisher, distributor, etc. Usborne,
Date of publication, distribution, etc. 2004.
300 ## - PHYSICAL DESCRIPTION
Extent 48 p. :
Other physical details col. ill. ;
Dimensions 21 cm.
490 1# - SERIES STATEMENT
Series statement [Usborne young reading]
500 ## - GENERAL NOTE
General note Formerly CIP.
Institution to which field applies Uk
650 ## - SUBJECT ADDED ENTRY--TOPICAL TERM
Topical term or geographic name entry element children's story
700 1# - ADDED ENTRY--PERSONAL NAME
Personal name Luraschi, Anna.
Relator term Illustrator
700 1# - ADDED ENTRY--PERSONAL NAME
Personal name Hoffmann, E. T. A.
Fuller form of name (Ernst Theodor Amadeus),
Dates associated with a name 1776-1822.
Title of a work Nussknacker und Mausekönig.
Language of a work English.
830 #0 - SERIES ADDED ENTRY--UNIFORM TITLE
Uniform title Usborne young reading
942 ## - ADDED ENTRY ELEMENTS (KOHA)
Source of classification or shelving scheme
Koha item type Books - Fiction
Holdings
Withdrawn status Lost status Source of classification or shelving scheme Damaged status Not for loan Collection code Permanent Location Current Location Shelving location Date acquired Total Checkouts Full call number Barcode Date last seen Date last checked out Price effective from Koha item type
          Fiction KH8 Primary School Library KH8 Primary School Library Non Fiction 2023-04-13 18 823.914 HEL KHPL000004068 2025-12-05 2025-02-04 2023-04-13 Books - Fiction

Powered By KH8 IT Dept